Quiz The Rookie - Statistiques

Statistiques générales
  • Ce quiz a été pris 650 fois
  • Le résultat moyen est 5 sur 8
Statistiques - réponses
Question Réponse % Correct
Lequel de ces personnages ne fait PAS parti de la famille de John Nolan
95%
Lequel de ces personnages n'est PAS un T.O. ? (T.O.=training officier)
91%
Quel couple est désigné par Wopez ?
88%
Quel duo n'a JAMAIS patrouillé ensemble ? Angela Lopez et Lucy Chen
75%
Quelle image correspond à la dance de Chenford au mariage de Nolan et Bailey ?
72%
Sur quelle image Lucy Chen est en couverture sous le nom de Nova Lin ?
49%
Quelle image correspond au grade de détective I ?
40%
Quelle est la bonne version du discours emblématique du sergent Gray pour les recrues ? You earned the right to be in this room, but you have to prove yourselves to stay. The way we do things matters. Protocol and tradition are the metal from which every cop in this city is forged.
29%
Aucun quiz correspondant
Distribution des résultats
% des personnes avec chaque résultat
Percentile par nombre de réponses
Votre historique - résultats
Vous n’avez pas pris ce quiz